000 00613nam a22002057a 4500
999 _c19083
_d19083
003 AR-CdUCM
008 190516b ||||| |||| 00| 0 spa d
040 _aMUNICIPALIDAD PROVINCIAL DEL CUSCO
_cBIBLIOTECA MUNICIPAL DEL CUSCO
082 _a809.5 /
_bSO64
110 _aSociedad Bolivariana del Perú
_931977
245 _aBolivar 1993 /
260 _aLima :
_bHerrera editores,
_c1993.
300 _a147 paginas ;
_c21 cm.
500 _aSelección Bolivariana Clasica
650 _aBolivia
_91138
650 _aHistoria
_9136
650 _aLiteratura
_983
942 _2ddc
_cLIBROS
945 _apjha
_d2019-05-16